Institutional economics: Veblen, Commons, and Mitchell reconsidered /

Bibliographic Details
Other Authors: Dorfman, Joseph, 1905-
Format: Book
Language:English
Published: Berkeley : University of California Press, 1963.
Subjects:

MARC

Tag First Indicator Second Indicator Subfields
LEADER 00000cam a2200000 4500
001 in00000055458
005 20151008052234.0
008 711103s1963 cau b 00000 eng
010 |a  63008915  
035 |a (OCoLC)00168502 
035 |9 AAH2391AM 
040 |a DLC  |c WSU  |d TXA  |d UtOrBLW 
049 |a TXAM  |c [359865] 
050 0 |a HB119. A2  |b I5 
092 |a 330.109  |b I59 
245 0 0 |a Institutional economics: Veblen, Commons, and Mitchell reconsidered /  |c a series of lectures by Joseph Dorfman [and others]. 
264 1 |a Berkeley :  |b University of California Press,  |c 1963. 
300 |a 183 pages 
336 |a text  |b txt  |2 rdacontent 
337 |a unmediated  |b n  |2 rdamedia 
338 |a volume  |b nc  |2 rdacarrier 
504 |a Includes bibliography. 
650 0 |a Economics. 
700 1 |a Dorfman, Joseph,  |d 1905- 
999 |a MARS 
999 f f |s 920d1dd7-625c-3296-8e44-14d20665ec65  |i 5d048142-43a9-3338-b855-1e5dc43c1ea4  |t 0 
952 f f |p ric  |a Texas A&M University  |b Rellis Campus  |c Joint Library Facility  |d Remote Storage  |t 0  |e HB119 .A2 I5  |h Library of Congress classification  |i unmediated -- volume  |m A14800693216 
998 f f |a HB119 .A2 I5  |t 0  |l Remote Storage